Zákon č. 128/2002 Z.z. z 15. februára 2002 o štátnej kontrole vnútorného trhu vo veciach ochrany spotrebiteľa ...

Zákon č. 128/2002 Z.z. o štátnej kontrole vnútorného trhu vo veciach ochrany spotrebiteľa a o zmene a doplnení niektorých zákonov v znení ďalších zákonov a zákona č. 646/2005 Z.z.

Salvato in:
Dettagli Bibliografici
Natura: Capitolo di libro
Lingua:slovacco
Soggetti:
Tags: Aggiungi Tag
Nessun Tag, puoi essere il primo ad aggiungerne!!

MARC

LEADER 00000naa$a2200000$$$4500
001 0041167
005 20231106072024.4
041 0 |a slo 
044 |a SK 
245 1 0 |a Zákon č. 128/2002 Z.z. z 15. februára 2002 o štátnej kontrole vnútorného trhu vo veciach ochrany spotrebiteľa ... 
520 |a Zákon č. 128/2002 Z.z. o štátnej kontrole vnútorného trhu vo veciach ochrany spotrebiteľa a o zmene a doplnení niektorých zákonov v znení ďalších zákonov a zákona č. 646/2005 Z.z. 
610 2 0 |a ochrana spotrebiteľa 
610 2 0 |a trh vnútorný 
610 2 0 |a ochrana trhu 
610 2 0 |a zákony 
610 2 0 |a Slovensko 
610 2 0 |a 2002-2005